Govt. of
Madhya Pradesh

Beyond Dogma (Record no. 16676)

MARC details
000 -LEADER
fixed length control field 003490000a22001570004500
001 - CONTROL NUMBER
control field 004790
003 - CONTROL NUMBER IDENTIFIER
control field MACL
040 ## - CATALOGING SOURCE
Original cataloging agency MACL
090 ## - LOCALLY ASSIGNED LC-TYPE CALL NUMBER (OCLC); LOCAL CALL NUMBER (RLIN)
-- 16783
-- 16782
100 ## - MAIN ENTRY--PERSONAL NAME
Personal name Lama, Dalai
245 ## - TITLE STATEMENT
Title Beyond Dogma
Remainder of title The Challenge Of The Modern World
Statement of responsibility, etc. Dalai Lama
260 ## - PUBLICATION, DISTRIBUTION, ETC. (IMPRINT)
Place of publication, distribution, etc. Rupa &Co,
Date of publication, distribution, etc. 1997
350 ## - PRICE (NR) (BK AM CF MU VM SE) [OBSOLETE]
Price 95
650 ## - SUBJECT ADDED ENTRY--TOPICAL TERM
Topical term or geographic name as entry element Philosophy
942 ## - ADDED ENTRY ELEMENTS (KOHA)
Call number prefix 100
Koha item type Library Membar
Holdings
Withdrawn status Lost status Source of classification or shelving scheme Damaged status Not for loan Home library Current library Date acquired Cost, normal purchase price Total Checkouts Full call number Barcode Date last seen Uniform Resource Identifier Price effective from Koha item type
          MACL MACL 15/04/2015 95.00   100/LAM CRE010426 02/05/2024 16585 15/04/2015 Books